devine le rappeur - Statistiques

Statistiques générales
  • Ce quiz a été pris 762 fois
  • Le résultat moyen est 4 sur 11
Statistiques - réponses
Hint Réponse % Correct
ninho un poco
66%
damso nwaar is the new black
63%
columbine enfants terribles
54%
lujipeka poupée russe
48%
orelsan athéna
46%
niska amour x
42%
alonzo assurance vie
34%
roméo elvis rappeur préféré
23%
medine houri
20%
booba geronimo
19%
kalash donner
9%
Aucun quiz correspondant
Distribution des résultats
% des personnes avec chaque résultat
Percentile par nombre de réponses
Votre historique - résultats
Vous n’avez pas pris ce quiz